Central Library OPAC University of Rajshahi

Modern physics : (Record no. 53350)

MARC details
000 -LEADER
fixed length control field 00650nam a2200229 a 4500
001 - CONTROL NUMBER
control field 53350
003 - CONTROL NUMBER IDENTIFIER
rucl marc code BD-RjUL
005 - DATE AND TIME OF LATEST TRANSACTION
control field 20211209075940.0
008 - FIXED-LENGTH DATA ELEMENTS--GENERAL INFORMATION
fixed length control field 161005r2006 ii a|||| |||| 001 0 eng d
020 ## - INTERNATIONAL STANDARD BOOK NUMBER
International Standard Book Number 8173195579
035 ## - SYSTEM CONTROL NUMBER
System control number (BD-RjUL)53470
040 ## - CATALOGING SOURCE
Original cataloging agency BD-RjUL
Language of cataloging eng
Transcribing agency BD-RjUL
041 ## - LANGUAGE CODE
Language code of text/sound track or separate title eng
082 ## - DEWEY DECIMAL CLASSIFICATION NUMBER
Edition number 22
Classification number 539
Author mark and year PUM 2006
100 ## - MAIN ENTRY--PERSONAL NAME
Personal name Puri, Sanjiv
9 (RLIN) 159465
245 ## - TITLE STATEMENT
Title Modern physics :
Remainder of title concepts and applications /
Statement of responsibility, etc. Sanjiv Puri
260 ## - PUBLICATION, DISTRIBUTION, ETC. (IMPRINT)
Place of publication, distribution, etc. New Delhi :
Name of publisher, distributor, etc. Narose Publishing,
Date of publication, distribution, etc. c2004 [reprint 2006]
300 ## - PHYSICAL DESCRIPTION
Pagination xv, 390 p. :
Illustrations ill. ;
Size 24 cm.
500 ## - GENERAL NOTE
General note Includes index
650 ## - SUBJECT ADDED ENTRY--TOPICAL TERM
Topical term or geographic name as entry element Modern Physics.
9 (RLIN) 159466
942 ## - ADDED ENTRY ELEMENTS (KOHA)
Source of classification or shelving scheme Dewey Decimal Classification
Koha item type Books
Holdings
Lost status Source of classification or shelving scheme Damaged status Not for loan Collection code Permanent Location Current Location Shelving location Date acquired Source of acquisition Cost, normal purchase price Total Checkouts Full call number Date last seen Copy number Koha item type
  Dewey Decimal Classification     Non-fiction Central Library, University of Rajshahi Central Library, University of Rajshahi   27/04/2008 Praragon enterprise,Dhaka 250.00   539 PUM 2006 05/10/2016 C-2 Books
  Dewey Decimal Classification   Not For Loan Non-fiction Central Library, University of Rajshahi Central Library, University of Rajshahi Reading Room 27/04/2008 Dhaka, Paragon Enterprises Ltd. 250.00   539 PUM 2006 25/03/2017 C-1 Books